Erfahrungen im Gebiete der Landwirthschaft Erster Band

Bibliographic Details
Main Author: Schmalz, Friedrich (Author, Author of introduction, etc.)
Other Authors: Gleditsch, Johann Friedrich III., dedičia, 18.-19. storočie (Printer)
Format: Book
Language:German
PhysicalDescription:XII, 195 strán, 1 nečíslovaná strana 8° 22 x 13 cm
Subjects:

MARC

LEADER 00000nam a2200000 4500
001 vtls012251515
003 SK-MaSNL
005 20260301231822.0
008 251112s1814 gw f 000 0 ger
015 |a SNBHFA 
040 |a SNKHF  |b slo  |c SNKHF  |e rda 
041 0 |a ger 
044 |a gw  |c DE 
072 7 |a 63  |x Poľnohospodárstvo a príbuzné oblasti vedy a techniky  |2 konspekt 
080 |a 631  |2 2011 
080 |a 633.2/.3  |2 2011 
100 1 |a Schmalz, Friedrich  |4 aut  |4 aui  |9 371833 
245 1 0 |a Erfahrungen im Gebiete der Landwirthschaft  |n Erster Band  |c gesammelt von Friedrich Schmalz 
264 3 |a Leipzig  |b bei Johann Friedrich Gleditsch  |c 1814 
300 |a XII, 195 strán, 1 nečíslovaná strana  |c 8°  |c 22 x 13 cm 
336 |a text  |b txt  |2 rdacontent 
337 |a bez média  |b n  |2 rdamedia 
338 |a zväzok  |b nc  |2 rdacarrier 
500 |a Vinety, signety, ozdobné iniciálky 
501 |a Príväzok 1.: SCHMALZ, Friedrich. Erfahrungen im Gebiete der Landwirthschaft. Zweiter Band. Leipzig: bei Johann Friedrich Gleditsch, 1815. 8°.  |5 SNK IC 146225/1-2/prív.1 
510 4 |a OCLC 180001470 
546 |a Nemčina  |b Fraktúra 
561 |a Proveniencia: pečiatka: Dr. E. Kadarász- ver. not. Poz. Margity Zayovej.  |5 SNK IC 146225/1-2 
563 |a Väzba: papierová.  |5 SNK IC 146225/1-2 
650 0 7 |a poľnohospodárstvo  |2 SNKPH  |9 679 
650 0 7 |a krmoviny  |2 SNKPH  |9 14432 
700 1 |a Zaiová, Margita,  |d 1868-1937  |4 fmo  |9 186369 
700 1 |a Kadarász, Ernest  |4 oth  |9 302455 
700 1 |a Gleditsch, Johann Friedrich  |b III.,  |c dedičia,  |d 18.-19. storočie  |4 prt  |9 180652 
752 |a Nemecko  |d Lipsko 
852 |a snk  |b Zaiova knižnica  |p IC 146225/1-2 
958 |a DF 
958 |a ONDV 
999 |c 959632  |d 961562 
952 |t Zay 7321; Z 8649  |a SNK  |b SNK  |c SNK_HF  |y PREZ  |7 0  |p 17A1400538  |o snkIC 146225/1-2  |i snk2024/3388  |8 5  |0 0  |1 0  |4 0  |d 2024-02-27  |l 0  |r 2026-02-24 10:15:28  |w 2026-02-24